01709 2200289 4500001002100000005001500021035002000036007000300056008004100059040001200100100005700112245013900169300003800308020002200346082000800368084001400376264007100390336002100461337003000482338002300512520075400535650001901289700003201308700003101340700003601371850001201407INLIS00000000069828320251027035740 a0010-1025000229ta251027 a 0 eng  aJIPUBAY0 aHeru KurniawanePengarangeHeru KurniawanePengarang1 a150+ English activity for kids /cpenulis, Heru Kurniawan, Fitria Septianti ; ilustrator, Wheny Aprianto ; editor, Gina Rizki Septiani a106 halaman :bilustrasi ;c26 cm a978-602-05-3063-5 a420 a420 HER s aJakarta Pusat :bGrasindo (Gramedia Widia Sarana Indonesia),c2024 2rdacontentateks 2rdamediaatanpa perantara 2rdacarrieravolume aThis book provides many interesting andimportant English activities for children,especially children 4-10 years old. This bookcan help parents introduce basic knowledgeof English words and how to learn to readEnglish. Children need help to figure out theliving and non living things, kinds of animals,matters of things.This book covers the compulsory skillsin language and is equipped with adequateexercises and other additional interestingfeatures. The book’s material is based onfamiliar daily content so that studentsquickly adapt to the English atmosphere. Thecontent of the book is also prepared carefullyto implement characteristic values. Last butnot least, may this book help parents to guidetheir children in learning in interesting ways. 4aBahasa inggris0 aFitria SeptiantiePengarang0 aWheny ApriantoeIlustrator0 aGina Rizki SeptianiePenyunting aJIPUBAY